[Event "World Chess Candidates 2018"]
[Site "Berlin"]
[Date "2018.03.10"]
[Round "1"]
[White "Aronian, Levon"]
[Black "Ding, Liren"]
[Result "1/2-1/2"]
[WhiteElo "2794"]
[BlackElo "2769"]
[PlyCount "43"]
[EventDate "2018.??.??"]
[EventType "tourn"]
[EventCountry "GER"]
[SourceTitle "playchess.com"]
[Source "ChessBase"]
[SourceQuality "1"]

1. c4 Nf6 2. Nc3 e6 3. e4 d5 4. e5 d4 5. exf6 dxc3 6. bxc3 Qxf6 7. d4 b6 8. h4
(8. Be2 Bb7 9. Bf3 Bxf3 10. Nxf3 Bd6 11. Qa4+ c6 12. O-O O-O 13. Rb1 Bc7 14.
Re1 Rc8 15. Kh1 Qf5 16. Be3 h6 17. h3 a6 18. d5 exd5 19. Bxb6 Bxb6 20. Rxb6 Nd7
21. Rxc6 Nc5 22. Rxc8+ Rxc8 23. Qa5 dxc4 24. Kg1 Qf6 25. Nd4 Nd3 26. Qf5 Qxf5 {
1/2-1/2 (26) Svidler,P (2763)-Ding Liren (2774) Palma de Mallorca ESP 2017})
8... Bb7 9. Bg5 Qf5 10. Bd3 (10. Rh3 h6 11. Bd3 Qa5 12. Bd2 Nd7 13. Nf3 O-O-O
14. Kf1 Be7 15. h5 Nc5 16. Ne5 Nxd3 17. Rxd3 Rhf8 18. Kg1 Bf6 19. Bf4 Bxe5 20.
Bxe5 f6 21. Bf4 Qf5 22. Bg3 e5 23. Re3 exd4 24. Re7 Rd7 25. Rxd7 Qxd7 26. cxd4
Re8 27. Rc1 c6 28. Qa4 Ba8 29. c5 Kb7 30. Bd6 Qg4 31. cxb6 {1-0 (31) Budczies,
J-Vogt,L (2500) Bochum 1990}) 10... Qa5 11. Kf1 Nc6 (11... Qxc3 12. Ne2 Qa5 $44
) 12. Rb1 f6 13. Bd2 O-O-O 14. a4 e5 15. c5 Bxc5 16. Rb5 (16. dxc5 $4 Rxd3 $19)
16... Qa6 17. Rh3 Bxd4 18. Be2 Rd6 $5 19. Rb1 Qa5 20. Rb5 Qa6 21. Rb1 Qa5 22.
Rb5 1/2-1/2

[Event "World Chess Candidates 2018"]
[Site "Berlin"]
[Date "2018.03.10"]
[Round "1"]
[White "Caruana, Fabiano"]
[Black "So, Wesley"]
[Result "1-0"]
[WhiteElo "2784"]
[BlackElo "2799"]
[PlyCount "65"]
[EventDate "2018.??.??"]
[EventType "tourn"]
[EventCountry "GER"]
[SourceTitle "playchess.com"]
[Source "ChessBase"]
[SourceQuality "1"]

1. d4 Nf6 2. c4 e6 3. g3 Bb4+ 4. Bd2 Be7 5. Bg2 d5 6. Nf3 O-O 7. O-O c6 8. Qb3
Nbd7 9. Bf4 a5 10. Rd1 Nh5 11. Bc1 Nhf6 12. Nbd2 (12. Nc3 a4 13. Qc2 dxc4 14.
e4 h6 15. d5 cxd5 16. exd5 Nxd5 {1/2-1/2 (18) Ulibin,M (2521)-Palac,M (2586)
Zagreb 2011}) 12... b5 13. c5 b4 14. Qc2 a4 15. Re1 e5 $1 16. Nxe5 Nxe5 17.
dxe5 Nd7 18. Nf3 Bxc5 19. Ng5 g6 20. Bf4 Qb6 21. e4 b3 22. axb3 axb3 23. Qe2
Ba6 24. Qf3 Bc4 25. Rxa8 Rxa8 26. e6 dxe4 27. exf7+ Bxf7 28. Nxe4 Bd4 29. Nd6
Bd5 30. Qe2 Nf8 31. Bxd5+ cxd5 32. Qf3 Qa5 33. Re7 1-0

[Event "World Chess Candidates 2018"]
[Site "Berlin"]
[Date "2018.03.10"]
[Round "1"]
[White "Karjakin, Sergey"]
[Black "Mamedyarov, Shakhriyar"]
[Result "0-1"]
[WhiteElo "2763"]
[BlackElo "2809"]
[PlyCount "142"]
[EventDate "2018.??.??"]
[EventType "tourn"]
[EventCountry "GER"]
[SourceTitle "playchess.com"]
[Source "ChessBase"]
[SourceQuality "1"]

1. e4 e5 2. Nf3 Nc6 3. Bb5 g6 4. c3 a6 5. Bxc6 dxc6 6. d4 exd4 7. cxd4 Bg4 8.
Qb3 (8. O-O Bg7 9. Nc3 Ne7 10. Bf4 O-O 11. h3 Bxf3 12. Qxf3 Bxd4 13. Rad1 c5
14. b4 b6 15. bxc5 bxc5 16. Na4 Qe8 17. Qa3 Qc6 18. Rxd4 cxd4 19. Qxe7 Rfe8 20.
Qa3 Rxe4 21. Rc1 Qe8 22. Bxc7 d3 23. Nb2 d2 24. Rc2 Rc8 25. Kh2 Re1 26. Qd3
Rxc7 27. Rxc7 Qe5+ 28. Qg3 Qxb2 29. Qf4 Qe5 30. Qxe5 Rxe5 31. Rd7 Re2 32. Kg3
d1=Q 33. Rxd1 Rxa2 34. Rd6 g5 35. f4 gxf4+ 36. Kxf4 a5 37. Ra6 a4 38. g4 a3 39.
Kg5 Kg7 40. h4 Ra1 41. Kh5 a2 42. g5 h6 43. gxh6+ Kh7 44. Ra7 Kh8 45. Ra8+ Kh7
46. Ra7 Kh8 {1/2-1/2 (46) Volokitin,A (2652)-Stevic,H (2539) Celle 2004}) 8...
Bxf3 9. gxf3 Bg7 10. Be3 Ne7 11. Nc3 Bxd4 12. Bxd4 Qxd4 13. Qxb7 O-O 14. Qxc7
Rab8 $5 (14... Nd5 $5 15. exd5 (15. Nxd5 cxd5 16. Qc3 Qxc3+ 17. bxc3 $13) 15...
Qd3 16. Nd1 Rfe8+ 17. Ne3 Rab8 18. b3 Rb4 19. Qxc6 Rxe3+ 20. fxe3 Qxe3+ 21. Kd1
Rd4+ 22. Kc2 Rd2+ 23. Kb1 Qd4 24. Qc2 Rxc2 25. Kxc2 Qxd5 $13) 15. O-O Rxb2 16.
Qxe7 Qxc3 17. Kg2 Rc2 18. Rad1 Rxa2 19. Rc1 Rc2 20. Rxc2 Qxc2 21. Ra1 Qc4 22.
Qb7 Qb5 23. Qxa6 Qg5+ 24. Kf1 Qf6 25. Kg2 Rb8 26. Ra5 Rb3 27. Qc8+ Kg7 28. Qg4
Rb5 29. Rxb5 cxb5 30. Qd7 Qg5+ 31. Kf1 Qe5 32. h4 b4 33. Qb7 Qc3 34. e5 b3 35.
Kg2 Qc4 36. Qb6 h6 37. Kg3 Qd5 38. f4 Kh7 39. Qb8 Qc4 40. f3 Qc3 41. Qf8 Qc4
42. Qb8 Kg7 43. Qb6 Qd5 44. Qb8 Qd1 45. Qb7 Qg1+ 46. Kh3 Qe3 47. Kg2 Qe2+ 48.
Kg3 Qe1+ 49. Kg2 Qe3 50. Qb4 g5 51. hxg5 hxg5 52. fxg5 Qe2+ 53. Kg3 Qxe5+ 54.
Kf2 Qh2+ 55. Ke3 Qg1+ 56. Kf4 Qc1+ 57. Kg4 Qe3 58. Kg3 $2 (58. f4 $1) 58...
Qxg5+ 59. Kf2 Qd5 60. Ke3 Kg6 61. Ke2 Kf6 62. Ke3 Ke6 63. Qb6+ Kd7 64. Qa7+ Kc6
65. Qa6+ Kc5 66. Qa4 Qc4 67. Qa5+ Kc6 68. Qa1 Kb5 69. Qb2 Kb4 70. Kd2 Qf4+ 71.
Ke1 Qh4+ 0-1

[Event "World Chess Candidates 2018"]
[Site "Berlin"]
[Date "2018.03.10"]
[Round "1"]
[White "Kramnik, Vladimir"]
[Black "Grischuk, Alexander"]
[Result "1-0"]
[WhiteElo "2800"]
[BlackElo "2767"]
[PlyCount "95"]
[EventDate "2018.??.??"]
[EventType "tourn"]
[EventCountry "GER"]
[SourceTitle "playchess.com"]
[Source "ChessBase"]
[SourceQuality "1"]

1. d4 Nf6 2. Nf3 g6 3. b3 c5 4. dxc5 Qa5+ 5. Nbd2 Qxc5 (5... Ne4 6. Bb2 Nc3 7.
Qc1 Bg7 8. Nc4 Qxc5 9. Qe3 Qxe3 10. Nxe3 O-O 11. Nd1 Nxd1 12. Bxg7 Kxg7 13.
Rxd1 Nc6 14. e3 d6 15. Nd4 Bd7 16. Bd3 Nb4 17. Kd2 e5 18. Ne2 d5 19. a3 Nc6 20.
f4 f6 21. fxe5 fxe5 22. Rhf1 Ne7 23. c3 Nf5 24. e4 dxe4 25. Bxe4 Rfd8 26. Bxf5
gxf5 27. Ke3 f4+ 28. Kf2 Be6 29. c4 Bf5 30. g3 Bc2 31. Rxd8 fxg3+ 32. hxg3 Rxd8
33. b4 Rd2 34. Rc1 Bf5 35. Ke1 Ra2 36. Rc3 Kf6 37. c5 Bd7 38. Nc1 Rg2 39. Nb3
e4 40. Na5 Ke5 41. c6 bxc6 42. Nxc6+ Bxc6 43. Rxc6 Rxg3 44. Ra6 Rg7 45. Kf2 Kd4
46. Rd6+ Kc4 47. Rc6+ Kb3 48. Ra6 h5 49. b5 Rb7 50. Ke3 h4 51. Kxe4 Rh7 52. b6
h3 53. b7 Rxb7 54. Rh6 Kxa3 55. Rxh3+ Rb3 56. Rh2 a5 57. Kd4 Kb4 58. Rh8 a4 59.
Rb8+ Ka3 60. Ra8 Rh3 61. Kc4 Rg3 {1/2-1/2 (61) Zlochevskij,A (2440)-Kovalev,A 
(2520) Krumbach 1991}) 6. Bb2 Bg7 7. e3 O-O 8. c4 b6 (8... d6 9. Be2 Nbd7 10.
O-O b6 11. Rc1 Bb7 12. Nb1 Ne4 13. Bd4 Qf5 14. Bxg7 Kxg7 15. Nbd2 Ndf6 16. Nxe4
Qxe4 17. Ne1 Rab8 18. Bf3 Qf5 19. Bxb7 Rxb7 20. Nf3 Rc8 21. Qe2 a6 22. Qb2 Rbc7
23. h3 Rc5 24. Rfe1 Qe4 25. Red1 b5 26. cxb5 axb5 27. Rxc5 dxc5 28. Qc3 c4 29.
bxc4 Rxc4 30. Qa1 Rc5 31. Rc1 Rxc1+ 32. Qxc1 Qd5 33. Qa3 Qd1+ 34. Kh2 Qc2 35.
Qxe7 Qxf2 36. a3 Qa2 37. Qc5 Qd5 38. Qd4 h5 39. Kg1 Qf5 40. Kh2 g5 41. Qd6 Ne4
42. Qd4+ Nf6 43. Qd6 Ne4 44. Qd4+ f6 45. Qa7+ Kg6 46. Qe7 Qd5 47. Qe8+ Kg7 48.
Nd4 Nc5 49. Qxb5 Qe5+ 50. Kh1 Kg6 51. Nb3 Nxb3 52. Qxb3 Qa1+ 53. Kh2 h4 54.
Qd3+ Kg7 55. Qd7+ Kg6 56. Qe8+ Kg7 57. Qe7+ Kg6 58. Qe4+ Kg7 59. a4 Qe1 60.
Qe7+ Kg6 61. Qe8+ Kg7 62. Qd7+ Kg6 63. Qd3+ f5 64. Qd6+ Kh5 65. Qe5 Kg6 66.
Qe6+ Kg7 67. Qd7+ Kf6 68. Qd6+ Kg7 69. Qe5+ Kg6 70. Qe6+ Kg7 71. Qxf5 Qg3+ 72.
Kh1 Qxe3 73. Qd7+ Kh6 74. Qc6+ Kg7 75. Qc7+ Kh6 76. a5 Qd3 77. Kh2 Kg6 78. Qe5
Qa6 79. Qe8+ Kh6 80. Qd8 Qc4 81. Qd6+ Kh5 82. Qd1+ Kh6 83. Qd6+ Kh5 84. a6 Qa4
85. Qf6 Qa5 86. Qf7+ Kh6 87. Qe6+ Kh5 88. Qe2+ Kh6 89. Qf1 Qe5+ 90. Kh1 Qd4 91.
Qf8+ Kh5 92. Qf7+ Kh6 93. Qe6+ Kg7 94. Qe7+ {1-0 (94) Grachev,B (2655)
-Chatalbashev,B (2552) Astana KAZ 2017}) 9. Be2 Bb7 10. O-O Qc7 (10... d6 11.
a3 Nbd7 12. b4 Qc7 13. Rc1 Rac8 14. Nd4 Qb8 15. Re1 d5 16. cxd5 Nxd5 17. Qb3
Rxc1 18. Rxc1 Rc8 19. Rd1 N5f6 20. h3 Bd5 21. Qa4 Qa8 22. e4 Bxe4 23. Nxe4 Qxe4
24. Bf3 Qf4 25. Nc6 Re8 26. Qxa7 Qf5 27. Bxf6 exf6 28. Bg4 {1-0 (28) Jussupow,
A (2576)-Shytaj,C (2212) Porto Mannu 2009}) 11. Rc1 d6 12. Nb1 (12. Ng5 Nbd7
13. Bf3 Rac8 14. Qe2 Qb8 15. Bxb7 Qxb7 16. e4 Nc5 17. f3 Rfe8 18. Rfe1 Qa6 19.
Rc2 Bh6 20. Nh3 Nh5 21. g3 Ne6 22. a4 Qa5 23. Nf2 Bg7 24. Bxg7 Kxg7 25. Qe3 Nf6
26. Nd3 Nc5 27. Rec1 Nxd3 28. Qxd3 Nd7 29. Qc3+ Kg8 30. Kg2 Ne5 31. h4 h5 32.
Nf1 Qxc3 33. Rxc3 Nc6 34. Ne3 Nb4 35. Rd1 Kg7 36. f4 Rc5 37. Nd5 Nxd5 38. Rxd5
Rec8 39. Rcd3 Kf6 40. Kf3 Ke6 41. Ke3 R8c7 42. R3d4 Rc8 43. Kd3 a5 44. Ke3 Rxd5
45. Rxd5 Rc5 46. f5+ Kf6 47. Kf4 e5+ 48. fxe6 Kxe6 49. Rd2 Re5 50. Rd3 Rc5 {
1/2-1/2 (50) Kovacevic,V (2485)-Dizdarevic,E (2540) Solin 1993}) 12... Nbd7 13.
Nc3 Rac8 14. Rc2 Qb8 15. Qa1 a6 16. Rd2 Rfe8 17. Rfd1 Ba8 18. Ng5 Rc5 19. Nh3
b5 20. Nf4 bxc4 21. Bxc4 Rg5 22. Ncd5 Ne5 $138 {25 minutes - 5 minutes} 23. Be2
Ne4 24. Rd4 Nc5 25. h4 Rf5 26. e4 Rxf4 27. Nxf4 Nxe4 28. Nd5 Nc5 29. Rb4 Qa7
30. Ne3 a5 31. Rb5 Ne6 32. Rxe5 dxe5 33. Bxe5 Qc5 34. Bxg7 Nxg7 35. Qd4 Qxd4
36. Rxd4 Bc6 37. Rd2 Rb8 38. Rc2 Be8 39. Rc7 Kf8 40. Ra7 a4 41. bxa4 Rb1+ 42.
Kh2 Rb4 43. a5 Rxh4+ 44. Kg1 Ra4 45. Bc4 Bc6 46. Rc7 Be8 47. a6 Nh5 48. Nd5 1-0

[Event "World Chess Candidates 2018"]
[Site "Berlin"]
[Date "2018.03.11"]
[Round "2"]
[White "Mamedyarov, Shakhriyar"]
[Black "Aronian, Levon"]
[Result "1/2-1/2"]
[WhiteElo "2809"]
[BlackElo "2794"]
[PlyCount "48"]
[EventDate "2018.??.??"]
[EventType "tourn"]
[EventCountry "GER"]
[SourceTitle "playchess.com"]
[Source "ChessBase"]
[SourceQuality "1"]

1. d4 Nf6 2. c4 e6 3. Nc3 Bb4 4. Qc2 O-O 5. a3 Bxc3+ 6. Qxc3 d5 7. Bg5 h6 8.
Bxf6 Qxf6 9. Nf3 c6 10. g3 (10. e3 Nd7 11. Rd1 dxc4 12. Bxc4 b6 13. O-O Bb7 14.
e4 Rfd8 15. e5 {1/2-1/2 (15) Mamedyarov,S (2772)-Ding Liren (2773) Moscow RUS
2017}) 10... Nd7 11. Bh3 b6 12. cxd5 cxd5 13. Qc6 Rb8 14. O-O Rd8 15. Rfc1 Ba6
16. Bf1 Bc4 17. Qa4 a5 18. b3 b5 19. Qxa5 Bxb3 20. Rc7 Bc4 21. Qa7 Ra8 22. Qb7
Rab8 23. Qa7 Ra8 24. Qb7 Rab8 1/2-1/2

[Event "World Chess Candidates 2018"]
[Site "Berlin"]
[Date "2018.03.11"]
[Round "2"]
[White "Grischuk, Alexander"]
[Black "So, Wesley"]
[Result "1-0"]
[WhiteElo "2767"]
[BlackElo "2799"]
[PlyCount "87"]
[EventDate "2018.??.??"]
[EventType "tourn"]
[EventCountry "GER"]
[SourceTitle "playchess.com"]
[Source "ChessBase"]
[SourceQuality "1"]

1. e4 e5 2. Nf3 Nc6 3. Bb5 a6 4. Ba4 Nf6 5. O-O Be7 6. d3 b5 7. Bb3 d6 8. c3
O-O 9. h3 Bb7 10. Nbd2 Re8 11. Ng5 Rf8 12. Re1 d5 (12... Na5 13. Bc2 c5 14. Nf1
h6 15. Nf3 Re8 16. N3h2 d5 17. Qf3 dxe4 18. dxe4 Nc4 19. Ng3 Nd6 20. Be3 Qc7
21. Ng4 Nxg4 22. Qxg4 Kh8 23. a4 Bf8 24. h4 Bc8 25. Qh5 Rb8 26. axb5 axb5 27.
Qf3 Be6 28. Nf5 Qc6 29. Red1 Ra8 30. Rxa8 Rxa8 31. Qg3 Nc4 32. Bc1 Qc7 33. h5
b4 34. cxb4 cxb4 35. Bb3 Ra1 36. Kh2 Bxf5 37. exf5 Na5 38. Bc2 Qxc2 39. Rd8
Qxf5 40. Rxf8+ Kh7 41. Bd2 Rd1 42. Bxb4 Rd4 43. Be1 Qxh5+ 44. Kg1 Rd1 45. f3
Nc4 46. Qf2 Nxb2 47. g4 Qg6 48. Qxb2 Rxe1+ 49. Kf2 Rb1 50. Qxe5 Qb6+ 51. Kg3
Qg1+ 52. Kh3 Qh1+ 53. Kg3 Rg1+ 54. Kf4 g5+ {0-1 (54) Yudasin,L (2645)-Ivanchuk,
V (2695) Riga 1991}) 13. exd5 Nxd5 14. Ndf3 Qd7 15. d4 exd4 16. cxd4 h6 17. Ne4
Rfe8 18. Bd2 Nf6 19. Rc1 Nxe4 20. Rxe4 Bf6 21. Rg4 Kh8 22. Rc5 $1 {13'} Rad8 $2
23. Qc1 Nxd4 24. Nxd4 Re4 25. Rxc7 Qxd4 26. Be3 Rxg4 27. hxg4 Qe4 28. f3 Qb4
29. Rxb7 Bxb2 30. Qf1 f6 31. Qf2 Be5 32. f4 Bd6 33. g5 Qe4 34. Qf3 Qb1+ 35. Qf1
Qe4 36. Qf3 Qb1+ 37. Kf2 Bb4 38. Qe2 Qe4 39. Qf3 Qb1 40. Kg3 fxg5 41. Kh2 $5
Qf5 42. Rf7 Qg6 43. fxg5 Bd6+ 44. Kh3 1-0

[Event "World Chess Candidates 2018"]
[Site "Berlin"]
[Date "2018.03.11"]
[Round "2"]
[White "Ding, Liren"]
[Black "Caruana, Fabiano"]
[Result "1/2-1/2"]
[WhiteElo "2769"]
[BlackElo "2784"]
[PlyCount "91"]
[EventDate "2018.??.??"]
[EventType "tourn"]
[EventCountry "GER"]
[SourceTitle "playchess.com"]
[Source "ChessBase"]
[SourceQuality "1"]

1. d4 Nf6 2. c4 e6 3. Nf3 d5 4. g3 Be7 5. Bg2 O-O 6. O-O dxc4 7. Qc2 b6 8. Ne5
Qxd4 9. Bxa8 Qxe5 10. Bf3 Nd5 11. Qxc4 Ba6 12. Qb3 (12. Qa4 c5 13. Re1 b5 14.
Qe4 Nc6 15. Nc3 Rd8 16. Rd1 Qxe4 17. Bxe4 Nd4 18. Bxd5 b4 19. Bb3 bxc3 20. bxc3
Nxe2+ 21. Kg2 Bb7+ 22. f3 Rxd1 23. Bxd1 Nxc3 24. Bd2 Nxd1 25. Rxd1 Bd5 26. Rb1
g5 27. Kf2 Bxa2 28. Ra1 Bd5 29. Bc3 f6 30. Rxa7 Kf7 31. Ke3 e5 32. h4 gxh4 33.
gxh4 h5 34. f4 exf4+ 35. Kxf4 Ke6 36. Ra6+ Bd6+ 37. Rxd6+ Kxd6 {1/2-1/2 (37)
Aronian,L (2799)-Hou Yifan (2652) Tbilisi GEO 2017}) 12... Nc6 13. Qa4 Bb7 14.
Nc3 Nd4 15. Bxd5 exd5 16. Bf4 Qf6 17. Rad1 c5 18. Be3 Nf3+ 19. exf3 d4 20. f4
dxc3 21. bxc3 Bf3 22. Rd3 Bc6 23. Qb3 Qf5 24. c4 Be4 25. Rd2 Qh5 26. f3 Bxf3
27. f5 Bc6 28. Qd1 Qh3 29. Rff2 h6 30. Qf1 Qg4 31. Rf4 Qg5 32. Rd3 Qf6 33. Bd2
Ba8 34. h4 Qc6 35. Kh2 Bd6 36. Rf2 Be5 37. Bc3 Bxc3 38. Rxc3 Re8 39. f6 g6 40.
Rcc2 Re4 41. Rfe2 Qe6 42. Rxe4 Bxe4 43. Rf2 Bf5 44. Qc1 Kh7 45. Qc3 h5 46. a3
1/2-1/2

[Event "World Chess Candidates 2018"]
[Site "Berlin"]
[Date "2018.03.11"]
[Round "2"]
[White "Kramnik, Vladimir"]
[Black "Karjakin, Sergey"]
[Result "1/2-1/2"]
[WhiteElo "2800"]
[BlackElo "2763"]
[PlyCount "109"]
[EventDate "2018.??.??"]
[EventType "tourn"]
[EventCountry "GER"]
[SourceTitle "playchess.com"]
[Source "ChessBase"]
[SourceQuality "1"]

1. e4 e5 2. Nf3 Nc6 3. Bb5 Nf6 4. O-O Nxe4 5. d4 Nd6 6. Bxc6 dxc6 7. dxe5 Nf5
8. Qxd8+ Kxd8 9. h3 Ke8 10. Nc3 h5 11. Bf4 Be7 12. Rad1 Be6 13. Ng5 Rh6 14.
Rfe1 Bb4 15. a3 Bxc3 16. bxc3 Ne7 17. Nf3 Rh8 18. Bg5 (18. Nd4 a6 19. Bg5 c5
20. Nxe6 fxe6 21. c4 Rd8 22. Rxd8+ Kxd8 23. a4 b6 24. f4 Ke8 25. Kf2 Nc6 26. c3
g6 27. g4 hxg4 28. h4 Rh7 29. Kg3 Na5 30. Kxg4 Nxc4 31. Bf6 Rd7 32. Kg5 Kf7 33.
Kh6 b5 34. axb5 axb5 35. h5 gxh5 36. Rg1 Nb6 37. Rg7+ Kf8 38. Rg1 Nd5 39. f5
Nxf6 40. exf6 exf5 41. Kg6 Rd3 42. Rg5 h4 43. Rh5 Rg3+ 44. Kxf5 h3 45. Rh8+ Kf7
46. Rh7+ Kg8 47. Rxc7 h2 48. Rc8+ Kh7 49. Rc7+ Kh8 50. f7 Kg7 {0-1 (50) Yu
Yangyi (2724)-Malakhov,V (2706) China CHN 2015}) 18... c5 19. Nd2 Kf8 20. Nf1
Nf5 21. g3 Ne7 22. Kg2 Nd5 23. c4 Nb6 24. Ne3 Nxc4 25. Nxc4 Bxc4 26. g4 hxg4
27. hxg4 Bb5 28. Kg3 Re8 29. f4 b6 30. f5 Ba4 31. Rc1 Kg8 32. c4 Bc6 33. Rcd1
Ba4 34. Rc1 Bc6 35. Bh4 Ba4 36. Rc3 Bc6 37. Rce3 Rh6 38. Bg5 Rh7 39. R3e2 Ba4
40. Re3 Rh8 41. Bh4 Rh6 42. e6 fxe6 43. g5 Rh8 44. Rxe6 Rf8 45. R6e5 Bc2 46. f6
gxf6 47. gxf6 Rh7 48. Rg5+ Kh8 49. Re7 Rg8 50. Rxh7+ Kxh7 51. Rxg8 Kxg8 52. Kf2
Bb3 53. Bg3 Bxc4 54. Bxc7 Bd5 55. Bb8 1/2-1/2

[Event "World Chess Candidates 2018"]
[Site "Berlin"]
[Date "2018.03.12"]
[Round "3"]
[White "Aronian, Levon"]
[Black "Kramnik, Vladimir"]
[Result "0-1"]
[WhiteElo "2794"]
[BlackElo "2800"]
[PlyCount "54"]
[EventDate "2018.??.??"]
[EventType "tourn"]
[EventCountry "GER"]
[SourceTitle "playchess.com"]
[Source "ChessBase"]
[SourceQuality "1"]

1. e4 e5 2. Nf3 Nc6 3. Bb5 Nf6 4. d3 Bc5 5. Bxc6 dxc6 6. O-O Qe7 7. h3 Rg8 $5 (
7... Bd6 8. d4 Nd7 9. Nbd2 O-O 10. Nc4 exd4 11. Qxd4 Nb6 12. Nxd6 Qxd6 13. a4
Re8 14. Re1 a5 15. b3 Qxd4 16. Nxd4 f5 17. Bf4 fxe4 18. c4 Nd7 19. Bxc7 Nf6 20.
Rad1 Bd7 21. Kh2 h6 22. Rd2 Ra7 23. Bf4 b6 24. Rc1 Rb7 25. Be3 Re5 26. Bf4 Re8
27. Be3 Re5 28. Ne2 Re7 29. c5 bxc5 30. Bxc5 Re8 31. Nd4 Re5 32. Rb2 Be8 33.
Ne2 Nd7 34. Bd4 Re6 35. Rc3 Bf7 36. Rg3 Rg6 37. Rxg6 Bxg6 38. Bc3 Nc5 39. Nd4
Bf7 40. Bxa5 Nxa4 41. Re2 c5 42. Nf5 Bxb3 43. Rxe4 Rf7 44. g4 Bc2 45. Rc4 Bb3
46. Re4 Bc2 47. Rc4 {1/2-1/2 (47) Romanov,E (2642)-Postny,E (2630) Fagernes
NOR 2014}) (7... h6 8. c3 O-O 9. Nbd2 Bd6 10. d4 Nd7 11. Re1 c5 12. Nc4 cxd4
13. cxd4 Bb4 14. Re2 exd4 15. a3 Nb6 16. Nxb6 axb6 17. Rb1 d3 18. Qxd3 Rd8 19.
Qc2 Bd6 20. e5 Bc5 21. b4 Bd4 22. Nxd4 Rxd4 23. Bb2 Rh4 24. e6 Bxe6 25. Re3 Re8
26. Rbe1 Rh5 27. f4 Qf8 28. Qxc7 Rc8 29. Qxb6 Rc2 30. Be5 Bd5 31. Rg3 f6 32.
Qd4 Bxg2 33. Bxf6 Rxh3 34. Rxg2 Rxg2+ 35. Kxg2 Qc8 36. Qd5+ Kh8 37. Bxg7+ Kh7
38. f5 Rxa3 39. Bd4 {1-0 (39) Smirin,I (2671)-Hracek,Z (2579) Czechia 2004}) (
7... Nd7 8. Nbd2 f6 9. Nc4 Nf8 10. d4 exd4 11. Nxd4 Qf7 12. b3 Bd7 13. Be3
O-O-O 14. Qf3 Bxd4 15. Bxd4 Be6 16. Rfd1 Bxc4 17. bxc4 Qxc4 18. Bxf6 Rxd1+ 19.
Rxd1 gxf6 20. Qxf6 Ng6 21. Qg7 Qe6 22. Qd4 b6 23. f4 Qe7 24. Qc4 Nxf4 25. Qxc6
Kb8 26. Rd7 Qe5 27. Rf7 Rg8 28. c3 Nxg2 {0-1 (28) Soto Paez,O (2396)-Mitkov,N 
(2556) Dresden 2008}) 8. Kh1 Nh5 9. c3 g5 $5 10. Nxe5 g4 11. d4 Bd6 12. g3 Bxe5
13. dxe5 Qxe5 14. Qd4 Qe7 $5 (14... Qxd4 15. cxd4 gxh3 16. Kh2 Be6 17. Nc3
O-O-O) 15. h4 c5 16. Qc4 Be6 17. Qb5+ $1 c6 18. Qa4 $6 (18. Qd3 $5 Bd7 (18...
Rd8 19. Qc2 $13) 19. Be3 O-O-O 20. Nd2 Be6 21. Qc2 $13) 18... f5 $5 19. Bg5 (
19. exf5 $2 Nxg3+ 20. fxg3 Bd5+ 21. Kg1 Qe2 $19) 19... Rxg5 $1 20. hxg5 f4 $1
21. Qd1 Rd8 22. Qc1 fxg3 23. Na3 Rd3 24. Rd1 Bd5 $3 (24... Bd5 25. exd5 Qe4+
26. Kg1 gxf2+ 27. Kxf2 Rg3 28. Kf1 Qh1+ 29. Kf2 Qh2+ 30. Ke1 Rg1#) 25. f3 gxf3
26. exd5 Qe2 27. Re1 g2+ (27... g2+ 28. Kh2 g1=Q+ 29. Kxg1 f2+ 30. Kh1 Rh3+ 31.
Kg2 f1=Q#) 0-1

[Event "World Chess Candidates 2018"]
[Site "Berlin"]
[Date "2018.03.12"]
[Round "3"]
[White "So, Wesley"]
[Black "Ding, Liren"]
[Result "1/2-1/2"]
[WhiteElo "2799"]
[BlackElo "2769"]
[PlyCount "73"]
[EventDate "2018.??.??"]
[EventType "tourn"]
[EventCountry "GER"]
[SourceTitle "playchess.com"]
[Source "ChessBase"]
[SourceQuality "1"]

1. e4 e5 2. Nf3 Nc6 3. Bb5 a6 4. Ba4 Nf6 5. O-O Be7 6. Re1 b5 7. Bb3 O-O 8. c3
d5 9. exd5 Nxd5 10. Nxe5 Nxe5 11. Rxe5 c6 12. Re1 Bd6 13. d3 Bf5 14. Qf3 Qh4
15. g3 Qh3 16. Be3 Bxd3 17. Nd2 Qf5 18. Bd4 Rfd8 (18... Rfe8 19. a4 Kf8 20. h4
Rxe1+ 21. Rxe1 f6 22. Qxf5 Bxf5 23. c4 Nb4 24. axb5 axb5 25. cxb5 cxb5 26. Rc1
Nd3 27. Rc6 Be5 28. Be3 Ra1+ 29. Kh2 Bd7 30. Rc2 Ne1 31. Rc5 Nd3 32. Rc2 Ne1
33. Rc5 Nd3 {1/2-1/2 (33) Vachier Lagrave,M (2796)-Carlsen,M (2832) Paris FRA
2017}) 19. a4 h6 20. h4 (20. Kg2 Bf8 21. Re5 Qxf3+ 22. Kxf3 b4 23. Rd1 bxc3 24.
bxc3 Rab8 25. Ree1 Rxb3 26. Nxb3 Bc2 27. Na5 Bxd1+ 28. Rxd1 Nxc3 29. Nxc6 Rd6
30. Rc1 Nxa4 31. Ke4 Re6+ 32. Kd5 Ba3 33. Rc4 Nb2 34. Rc3 Bf8 35. f4 Nd1 36.
Rb3 Rd6+ 37. Kc5 Nf2 38. Rb8 Ne4+ 39. Kb6 Nf6 40. Kb7 Re6 41. Rd8 Ne8 42. Be5
f6 43. f5 Rxe5 44. Nxe5 Nd6+ 45. Rxd6 Bxd6 46. Nc4 Bc5 47. Kxa6 g6 48. g4 h5 {
1/2-1/2 (48) Alekseenko,K (2609)-Matlakov,M (2709) Moscow RUS 2018}) 20... Rac8
21. axb5 axb5 22. Bxd5 cxd5 23. Qxf5 Bxf5 24. Ra5 b4 25. Rxd5 Be6 26. Ra5 bxc3
27. Bxc3 Rb8 28. Nf1 Bb4 29. Raa1 Bc5 30. Ne3 Rd3 31. Red1 Rbd8 32. Rxd3 Rxd3
33. Rd1 Rxd1+ 34. Nxd1 Bb3 35. Ne3 Bxe3 36. fxe3 Kf8 37. Kf2 1/2-1/2

[Event "World Chess Candidates 2018"]
[Site "Berlin"]
[Date "2018.03.12"]
[Round "3"]
[White "Karjakin, Sergey"]
[Black "Grischuk, Alexander"]
[Result "1/2-1/2"]
[WhiteElo "2763"]
[BlackElo "2767"]
[PlyCount "60"]
[EventDate "2018.??.??"]
[EventType "tourn"]
[EventCountry "GER"]
[SourceTitle "playchess.com"]
[Source "ChessBase"]
[SourceQuality "1"]

1. e4 e5 2. Nf3 Nc6 3. Bc4 Bc5 4. d3 Nf6 5. Nc3 h6 6. h3 d6 7. Na4 Bb6 8. a3 (
8. Nxb6 axb6 9. c3 O-O 10. O-O Na5 11. Bb5 Be6 12. Ba4 Nc6 13. Re1 Ne7 14. Nh4
Ng6 15. Nxg6 fxg6 16. d4 Qe7 17. Bb3 Kh7 18. f3 Nh5 19. Be3 Nf4 20. Bxe6 Qxe6
21. dxe5 Qxe5 22. Bxf4 Rxf4 23. Qd4 Qg5 24. Kh2 Ra5 25. Re2 h5 26. Qf2 h4 27.
Rd2 Qf6 28. a3 Rg5 29. Rf1 Rg3 30. Qd4 Qe7 31. Qd5 Qf8 32. e5 Rg5 33. Re2 Rff5
34. Re4 Rh5 35. Qc4 Qe7 36. exd6 Qxd6+ 37. Kg1 b5 38. Qb4 Qb6+ 39. Qd4 c5 40.
Qf2 Qf6 41. Rd1 Rf4 42. Re8 Re5 43. Rb8 Qe7 44. Rdd8 g5 45. Re8 Qd6 46. Rxe5
Qxe5 47. Rxb7 c4 48. Qc2+ Kg8 49. Qd2 Rf6 50. Rd7 Re6 51. Rd4 Qg3 52. Re4 Rg6
53. Re8+ Kh7 54. Qd5 Rd6 55. Qf5+ Rg6 56. Re6 {1-0 (56) Safarli,E (2628)
-Abdumalik,Z (2332) Doha QAT 2014}) 8... Ne7 (8... O-O 9. O-O Be6 10. Re1 Bxc4
11. dxc4 Nd4 12. Nh4 Nd7 13. g3 Qf6 14. Nxb6 Nxb6 15. c3 Ne6 16. b3 a5 17. a4
Nc5 18. Be3 Nbd7 19. b4 Nxe4 20. Qg4 Nxc3 21. Qxd7 axb4 22. Qxc7 b3 23. Qb6 Qe6
24. Qxb3 Ne4 25. Qxb7 Nf6 26. Kh2 Qxc4 27. a5 d5 28. Rec1 Qe2 29. Qc6 d4 30.
Qc2 Qxc2 31. Rxc2 dxe3 32. fxe3 Ra6 33. Nf5 Rfa8 34. Ne7+ Kf8 35. Nc6 Ne4 36.
Nxe5 Rxa5 37. Rxa5 Rxa5 38. Rc8+ Ke7 39. Nc6+ Kd7 40. Nxa5 Kxc8 41. Kg2 Kd7 42.
Nb3 Ke6 43. Nd4+ Ke5 44. Nf3+ Kd5 45. Nd4 Nd6 46. Kf3 g6 47. g4 Ne4 48. h4 Nd2+
49. Kf4 Ne4 50. Nb5 Nc5 51. Nc3+ Kc4 52. Ne2 Ne6+ 53. Ke4 Nc5+ 54. Kf3 Nd7 55.
h5 gxh5 56. Ke4 {1-0 (56) Artemiev,V (2691)-Mamedyarov,S (2799) Huai'an CHN
2017}) (8... Be6 9. Bxe6 fxe6 10. O-O O-O 11. b4 Qd7 12. c3 Qf7 13. Nxb6 axb6
14. a4 Nh5 15. Kh2 b5 16. Be3 bxa4 17. Rxa4 b5 18. Rxa8 Rxa8 19. Qb3 d5 20. Re1
Nf6 21. Bd2 dxe4 22. dxe4 Ne8 23. Be3 Nd6 24. Nd2 Ra4 25. Kg1 Qe8 26. Bc5 Nb7
27. Be3 Nd6 28. Bc5 Nb7 29. Be3 {1/2-1/2 (29) Riazantsev,A (2659)-Matlakov,M 
(2714) Sochi RUS 2017}) 9. b4 (9. Nxb6 axb6 10. O-O O-O 11. Nh4 g5 12. Qf3 Kg7
13. Nf5+ Bxf5 14. exf5 Qd7 15. g4 Qc6 16. Qg3 Ned5 17. Bxd5 Nxd5 18. Qf3 f6 19.
Be3 Ne7 20. Qxc6 bxc6 21. d4 exd4 22. Bxd4 c5 23. Bc3 b5 24. f4 Nc6 25. Rae1 b4
26. axb4 cxb4 27. Bd2 Ra2 28. Bc1 Nd4 29. Rf2 Kf7 30. Rd1 c5 31. Kg2 Re8 32. c3
bxc3 33. bxc3 Ne2 34. fxg5 hxg5 35. Rd2 Nf4+ 36. Kh2 Ra1 37. Rd1 Rh8 38. Rf3 c4
39. Rh1 Ra2+ 40. Kg1 Ne2+ {0-1 (40) Neiksans,A (2503)-Ivanchuk,V (2764) Warsaw
2010}) 9... Ng6 10. O-O O-O 11. c3 c6 12. Nxb6 axb6 13. Bb3 Re8 14. Re1 Be6 15.
Bc2 d5 16. exd5 Nxd5 17. Bd2 Bf5 18. d4 Bxc2 19. Qxc2 exd4 20. Rxe8+ Qxe8 21.
Nxd4 b5 22. a4 bxa4 23. Rxa4 Rxa4 24. Qxa4 Ngf4 25. Qd1 Qe4 26. Qf1 Ne6 27. f3
Qg6 28. Nxe6 Qxe6 29. Qd3 b5 30. c4 bxc4 1/2-1/2